The Beast - Lady Gaga (Lyrics) - Statistics

General Stats
  • This quiz has been taken 6 times
  • The average score is 227 of 296
Answer Stats
Answer % Correct
beast
100%
feel
100%
I
100%
in
100%
inside
100%
inside"
100%
the
100%
The
100%
wanna
100%
11:59
75%
a
75%
alarm?
75%
almost
75%
and
75%
are
75%
are,
75%
at
75%
Because
75%
bite
75%
both
75%
can't
75%
'cause
75%
change
75%
eyes
75%
face
75%
for
75%
girls
75%
growlin'
75%
have
75%
heard
75%
hide
75%
hungry,
75%
kept
75%
know
75%
Last
75%
left
75%
legend
75%
lights
75%
long,
75%
midnight,
75%
music
75%
of
75%
off
75%
on
75%
out
75%
panic,
75%
rang
75%
ready
75%
scared
75%
secret
75%
see
75%
shivering,
75%
so
75%
that
75%
there's
75%
this
75%
time,
75%
to
75%
tonight
75%
"Turn
75%
Turn
75%
turn
75%
watch
75%
we
75%
week,
75%
who
75%
why
75%
you
75%
You
75%
you,
75%
your
75%
Your
75%
You're
75%
you're
75%
You've
75%
breath,
50%
burns
50%
dead,
50%
gone
50%
heart's
50%
is
50%
it
50%
neighborhood
50%
racin',
50%
red,
50%
Red,
50%
somebody
50%
soul
50%
tick-tock,
50%
touch
50%
whisper
50%
yeah,
50%
yeah
50%
Yeah,
50%
all
25%
it's
25%
misunderstood
25%
Ah
0%
got
0%
hands
0%
Little
0%
oh
0%
Oh,
0%
ooh
0%
No matching quizzes found
Score Distribution
Percent of People with Each Score
Percentile by Number Answered
Your Score History
You have not taken this quiz